Loop of double clues Quiz Stats

 Plays Quiz not verified by Sporcle

Score 0/20 Timer 06:00
0 Plays Today
Hint Answer % Correct
Both an IMDb top 250 film & a prime numberSe7en
81.5%
Both a bird & a NFL team nickname/last wordRavens, Eagles, Falcons, Seahawks, Cardinals
77.8%
Both a prime number & an album by Adele19
74.1%
Both an album by Adele & a popular card game21
74.1%
Both part of a guitar & a part of the human bodyNeck
70.4%
Both a part of the human body & an Imperial unit of length measurementFoot
70.4%
Both a (often alcoholic) drinking glass & part of a Harry Potter book titleGoblet
63%
Both a country of the world & a birdTurkey
59.3%
Both an alcoholic spirit & a part of the NATO phonetic alphabetWhiskey
55.6%
Both part of a Harry Potter book title & a musician who's had no.1 singles in both the UK & USPrince
48.1%
Hint Answer % Correct
Both an Imperial unit of length measurement & a (often alcoholic) drinking glassYard
44.4%
Both a European nationality & a household chorePolish
40.7%
Both a part of the NATO phonetic alphabet & a country of the worldIndia
37%
Both an English premiership rugby union team nickname/last word (13-14) & a European nationalityIrish
29.6%
Both a household chore & part of an Olympic weightlifting liftClean
29.6%
Both a NFL team nickname/last word & an English premiership rugby union team nickname/last word (13-14)Falcons, Saints, Chiefs
25.9%
Both part of an Olympic weightlifting lift & an IMDb top 250 filmSnatch
25.9%
Both a popular card game & part of a guitarBridge
22.2%
Both a musician who's had no.1 singles in both the UK and US & a department of FranceCher
3.7%
Both a department of France & an alcoholic spiritCalvados
3.7%

You're not logged in!

Compare scores with friends on all Sporcle quizzes.
Join for Free
OR
Log In

You Might Also Like...

Show Comments

Extras

Top Quizzes Today


Score Distribution

Your Account Isn't Verified!

In order to create a playlist on Sporcle, you need to verify the email address you used during registration. Go to your Sporcle Settings to finish the process.

Report this User

Report this user for behavior that violates our Community Guidelines.

Details: